Normal view
MARC view
- DR. Ali Hassan DR. Shoab Ahmed Khan
Entry Corporate Name
001 - CONTROL NUMBER
- control field: 124279
003 - CONTROL NUMBER IDENTIFIER
- control field: NUST
005 - DATE AND TIME OF LATEST TRANSACTION
- control field: 20240709160725.0
008 - FIXED-LENGTH DATA ELEMENTS
- fixed length control field: 240709|| aca||aabn | a|a d
040 ## - CATALOGING SOURCE
- Original cataloging agency: NUST
- Transcribing agency: NUST
110 ## - HEADING--CORPORATE NAME
- Corporate name or jurisdiction name as entry element: DR. Ali Hassan DR. Shoab Ahmed Khan
670 ## - SOURCE DATA FOUND
- Source citation: Work cat.: (NUST): NS Syed Afraz Shah NS Abdul Moeez Hassan NS Amna Ahmed NS Abdul Aleem Abbasi 124278, PR-SOF-2365-NFT Based Gemstone Trading And Tracking Platform of Pakistan, 2024.
